00776nam a22002297a 450000500170000001000150001702000260003203500130005803700130007108200130008410000160009724500760011325000110018926000420020027000720024230000260031450000190034070000170035994200270037699900170040395201260042020151120121512.0 aENG-114221 a9789350353134c260.00 aEN-97753 bDBAD/PUB a344.5401 aKumar, H.L. aLabour laws :cby H.L.Kumar [and] Gaurav Kumarbeverybody should know / a9th ed aDelhibUniversal Law Publishingc2013 aC-FF-1A, Dilkhush Industrial Estate, G.T.Karnal RoadbDelhie110033 axxii,350p.c22cm(pbk) aIncludes index aGaurav Kumar 2ddccENmKUMh344.5401 c97660d97660 001040718NFICaDBADbDBADd2015-10-06eDBAD/PUBg260.00l0o344.5401 KUMpEN-97753r2015-10-06 00:00:00t1v260.00yEN